01354nam a2200253 a 4500003000900000005001700009007000300026008004100029020001800070040002500088082001400113100002900127245011200156260009300268300003000361500007500391505002300466505038300489650008300872650003800955651004700993700002201040700003801062DO-SdBNP20220701122126.0ta220628e2013 dr h|||er|||| 001 mdspa d a9789945488135 aDO-SdBNPbspacBNPHU 4222bF363n1 aFernández, Papod1963-10a¡Najayo!..b"pues yo si jayé. /cPapo Fernández; Editor, Noe Zayas, Prólogo, Pedro Carreras Aguilera aSan Francisco de Macorís, República Dominicana :bPapiros Talleres Gráficos,c2013 a109 p. :bfacs. ;c21 cm. aIncluye datos biográficos del autor en las solapas de las cubierta. 0 a1.- Dedicatoria.--0 a2.- Prólogo.t3.- Palabras el autor.--t4.- Participación en la cámara de diputados.--t5.- Un grandote y Gigante Besote!.--t6.- ¿Por qué?.--t7.- El hombre... es su Palabra?.-- t8.- Privilegios en Cárcel.--t9.- No es la gran vaina.--t10.- Lean esto.--t11.- Cosas de Najayo.--t12.- Retazos de mi Pensamiento.--t13.- Otros Dicien:t14.- Al final.--t15.- Anexos 4aProsavRelatos personalesxCritica e Interpretación.zRepública Dominicana 4aPrisioneszRepública Dominicana 4aRepública DominicanaxRelatos personales1 aZayas, Noéeed.1 aCarreras Aguilera, Pedroepról.